00513nam a2200133 4500008004100000082001500041110006200056245010300118260004300221300002500264650002400289650003400313650003200347231010b |||||||| |||| 00| 0 eng d a362.5bIND aIndependent South Asian Commission on Poverty Alleviation aReport of the Independent South Asian Commission on Poverty Alleviation :b meeting the challenge. aKathmandu : bSAARC Secretariat,c1992 axiv, 154 p. ; 25 cm. aPOVERTY- South Asia aSouth Asia -- Economic policy aSouth Asia -- Social policy